[Event "GRE-chT 48th"]
[Site "Athens"]
[Date "2021.09.09"]
[Round "4.1"]
[White "Gkavardinas, Antonios"]
[Black "Terzakis, Georgios"]
[Result "1-0"]
[WhiteElo "2046"]
[BlackElo "1242"]
[PlyCount "53"]
[EventDate "2021.09.07"]
[EventType "team-swiss"]
[EventRounds "7"]
[EventCountry "GRE"]
[SourceTitle "CBM 204 Extra"]
[Source "ChessBase"]
[SourceDate "2021.11.30"]
[SourceVersion "1"]
[SourceVersionDate "2021.11.30"]
[SourceQuality "1"]
[WhiteTeam "Evoiki ES"]
[BlackTeam "OFI"]
[WhiteTeamCountry "GRE"]
[BlackTeamCountry "GRE"]

1. e4 c6 2. d4 d5 3. Nc3 dxe4 4. Nxe4 Nf6 5. Nxf6+ exf6 6. c3 Bf5 7. Bd3 Bxd3 8. Qxd3 Bd6 9. Ne2 0-0 10. Be3 Na6 11. h4 Nc7 12. 0-0-0 Nd5 13. h5 Nxe3 14. fxe3 h6 15. Rh3 Re8 16. e4 f5 17. e5 Qg5+ 18. Kb1 Qxg2 19. Rg1 Qf2 20. Rf3 Qh2 21. Qxf5 Bf8 22. Qxf7+ Kh8 23. Rf2 Qh3 24. Nf4 Qe3 25. Ng6+ Kh7 26. Nxf8+ Rxf8 27. Qxg7# 1-0

[Event "GRE-chT Online Rapid op 1st"]
[Site "Tornelo INT"]
[Date "2021.02.21"]
[Round "8.35"]
[White "Saklampanakis, Dimitrios"]
[Black "Terzakis, Georgios"]
[Result "1-0"]
[WhiteElo "1281"]
[BlackElo "1205"]
[PlyCount "109"]
[EventDate "2021.02.20"]
[EventType "team-swiss (rapid)"]
[EventRounds "9"]
[EventCountry "GRE"]
[SourceTitle "EXT 2023"]
[Source "ChessBase"]
[SourceDate "2022.10.05"]
[SourceVersion "1"]
[SourceVersionDate "2022.10.05"]
[SourceQuality "1"]

1. e4 e5 2. Nf3 Nc6 3. d4 d6 4. Bb5 Bg4 5. d5 a6 6. Bxc6+ bxc6 7. dxc6 Ne7 8. h3 Bh5 9. Nc3 Nxc6 10. Be3 Rb8 11. 0-0 Be7 12. b3 0-0 13. Nd5 Re8 14. c3 Bf8 15. Rb1 Ne7 16. c4 Qd7 17. Bh6 Ng6 18. Be3 Nh4 19. Kh2 c6 20. Nc3 Qe6 21. Rg1 Qf6 22. Bg5 Nxf3+ 23. gxf3 Qxf3 24. Qxf3 Bxf3 25. Rg3 Bh5 26. Rbg1 Bg6 27. h4 h5 28. f3 Be7 29. Rd1 Bxg5 30. Rxg5 Re6 31. Rg2 Rf6 32. Rd3 Rd8 33. Rgd2 Kf8 34. Kg3 Ke7 35. a3 Ke6 36. Na2 a5 37. b4 axb4 38. Nxb4 c5 39. Nd5 Bxe4 40. fxe4 Rg6+ 41. Kh3 Rg4 42. Nc7+ Ke7 43. Nd5+ Ke6 44. Nc7+ Ke7 45. Nb5 Rg6 46. Na7 Ra8 47. Nb5 Rd8 48. a4 Rf6 49. a5 Rf4 50. Re3 Ra8 51. Nxd6 Rxa5 52. Nf5+ Ke6 53. Nxg7+ Ke7 54. Nf5+ Kf6 55. Rd6# 1-0

[Event "GRE-chT Online Rapid op 1st"]
[Site "Tornelo INT"]
[Date "2021.02.20"]
[Round "3.37"]
[White "Terzakis, Georgios"]
[Black "Felekos, Georgios"]
[Result "1-0"]
[WhiteElo "1205"]
[BlackElo "1470"]
[PlyCount "93"]
[EventDate "2021.02.20"]
[EventType "team-swiss (rapid)"]
[EventRounds "9"]
[EventCountry "GRE"]
[SourceTitle "EXT 2023"]
[Source "ChessBase"]
[SourceDate "2022.10.05"]
[SourceVersion "1"]
[SourceVersionDate "2022.10.05"]
[SourceQuality "1"]

1. d4 Nf6 2. c4 g6 3. Nc3 Bg7 4. Nf3 d6 5. Bg5 0-0 6. e3 h6 7. Bh4 c5 8. Be2 a6 9. 0-0 Bd7 10. Qb3 Qc8 11. Bxf6 Bxf6 12. Nd5 Nc6 13. Nb6 Qc7 14. Nxa8 Rxa8 15. Rfd1 Rb8 16. Qd3 Nb4 17. Qd2 b5 18. dxc5 Qxc5 19. cxb5 Bxb5 20. Bxb5 Rxb5 21. a3 Nc6 22. b4 Qf5 23. Rac1 Ne5 24. Nd4 Qh5 25. Nxb5 Ng4 26. h3 Be5 27. hxg4 Qh2+ 28. Kf1 Qh1+ 29. Ke2 Qxg2 30. Nd4 Qxg4+ 31. Nf3 Qf5 32. Nxe5 dxe5 33. Qd3 e4 34. Qd8+ Kg7 35. Qd4+ Kg8 36. Rc8+ Qxc8 37. Qd8+ Qxd8 38. Rxd8+ Kg7 39. Ra8 h5 40. Rxa6 h4 41. b5 h3 42. Kf1 Kh6 43. b6 Kh5 44. b7 g5 45. b8Q Kg4 46. Ra5 Kf3 47. Qg3# 1-0